000 00296nam a22001337a 4500
008 171204b xxu||||| |||| 00| 0 eng d
020 _a9780534380717
041 _aeng
080 _a574
100 _a9
101 _aMJE
245 _aLIVING THE INVIRONMENT
_cMILLER.G.T
942 _2udc
_cBK
999 _c38772
_d38772